000 01210nam a22003497a 4500
003 CHAP
005 20220329140450.0
008 971013s1985 r 00010 d
010 _a52369
011 _a53341
035 _a57491
040 _cCHAP
090 _aTesis
100 0 0 _aRomero Vargas, Lucio.
_999677
245 _aEvaluación de 5 cepas de Rhizobium phaseoli en frijol (Phaseolus vulgaris L.) en Marín, N. L.
260 _aMarín, N. L. :
_bEl autor,
_c1985
300 _a63 h.
_b; gráfs.
502 _aTesis (Ing. Agr. Fitotecnista) -- Universidad Autónoma de Nuevo León. Facultad de Agronomía
590 _aALEPH
_b10
_c20130110
_lUCH01
_h1329
590 _aBATCH-UPD
_b10
_c20130110
_lUCH01
_h0430
590 _aBATCH-UPD
_b10
_c20130110
_lUCH01
_h2100
590 _aBATCH-UPD
_b10
_c20130410
_lUCH01
_h0105
590 _aBATCH-UPD
_b10
_c20130914
_lUCH01
_h1257
590 _aCONVERSION
_b10
_c20130109
_lUCH01
_h1328
650 1 4 _aFrijol
_xNitrógeno en.
_943411
650 1 4 _aNitrógeno
_xFijación.
_981472
650 1 4 _aRhizobium phaseoli.
_997129
700 0 _aElizondo Treviño, Eduardo.
_936339
901 _aBK
942 _cTESIS
949 _bBC
_cTES
_d-125034
_eTS1
_h19081
_i57491
_si
999 _c52369
_d52369